The C++ programming language / (Record no. 1888)

000 -LEADER
fixed length control field 00914cam a2200289 i 4500
001 - CONTROL NUMBER
control field 17655157
003 - CONTROL NUMBER IDENTIFIER
control field OSt
005 - DATE AND TIME OF LATEST TRANSACTION
control field 20150629101828.0
008 - FIXED-LENGTH DATA ELEMENTS--GENERAL INFORMATION
fixed length control field 130312s2013 nju b 001 0 eng
010 ## - LIBRARY OF CONGRESS CONTROL NUMBER
LC control number 2013002159
020 ## - INTERNATIONAL STANDARD BOOK NUMBER
International Standard Book Number 9780321563842 (pbk.)
020 ## - INTERNATIONAL STANDARD BOOK NUMBER
International Standard Book Number 0321563840 (pbk.)
040 ## - CATALOGING SOURCE
Original cataloging agency DLC
Language of cataloging eng
Transcribing agency DLC
Description conventions rda
Modifying agency DLC
042 ## - AUTHENTICATION CODE
Authentication code pcc
050 00 - LIBRARY OF CONGRESS CALL NUMBER
Classification number QA76.73.C153 2013
082 00 - DEWEY DECIMAL CLASSIFICATION NUMBER
Classification number 005.13/3
Edition number 23
100 1# - MAIN ENTRY--PERSONAL NAME
Personal name Stroustrup, Bjarne.
245 14 - TITLE STATEMENT
Title The C++ programming language /
Statement of responsibility, etc Bjarne Stroustrup.
250 ## - EDITION STATEMENT
Edition statement Fourth edition.
260 ## - PUBLICATION, DISTRIBUTION, ETC. (IMPRINT)
Place of publication, distribution, etc New Jersey
Name of publisher, distributor, etc Addison-Wesley
Date of publication, distribution, etc 2013
300 ## - PHYSICAL DESCRIPTION
Extent xiv, 1346 pages ;
Dimensions 24 cm
504 ## - BIBLIOGRAPHY, ETC. NOTE
Bibliography, etc Includes bibliographical references and index.
650 #0 - SUBJECT ADDED ENTRY--TOPICAL TERM
Topical term or geographic name as entry element C++ (Computer program language)
906 ## - LOCAL DATA ELEMENT F, LDF (RLIN)
a 7
b cbc
c orignew
d 1
e ecip
f 20
g y-gencatlg
942 ## - ADDED ENTRY ELEMENTS (KOHA)
Source of classification or shelving scheme
Koha item type Book
Holdings
Withdrawn status Lost status Source of classification or shelving scheme Damaged status Not for loan Home library Current library Shelving location Date acquired Total Checkouts Total Renewals Full call number Barcode Date last seen Date checked out Copy number Price effective from Koha item type
          Riara University Library Riara University Library General stack 29/06/2015 7 1 QA76.73.C153 2013 6486/15 23/10/2023 02/10/2023 C.1 29/06/2015 Book
          Riara University Library Riara University Library General stack 29/06/2015 8 3 QA76.73.C153 2013 6487/15 11/10/2024 09/10/2024 C.2 29/06/2015 Book
          Riara University Library Riara University Library General stack 29/06/2015 2   QA76.73.C153 2013 6488/15 14/10/2025 18/09/2023 C.3 29/06/2015 Book

Riara University Library,
P.O. Box 49940-00100,
Nairobi, Kenya.